Скрещивание телефонных цепей. [Ч. 2]: Теоретическая часть (Запись № 13560573)

Подробности
000 -МАРКЕР
контрольное поле 00966nam2a2200229 4500
001 - ИДЕНТИФИКАТОР ЗАПИСИ
контрольное поле rc\2637450
005 - ИДЕНТИФИКАТОР ВЕРСИИ
контрольное поле 20260315042327.0
035 ## - ДРУГИЕ СИСТЕМНЫЕ НОМЕРА
Идентификатор записи (NLR Aleph) 006945610
100 ## - ДАННЫЕ ОБЩЕЙ ОБРАБОТКИ
Данные общей обработки 20110602d1931 u y0rusy50 ca
101 0# - ЯЗЫК РЕСУРСА
Язык текста, звукозаписи и т.д. русский
102 ## - СТРАНА ПУБЛИКАЦИИ ИЛИ ПРОИЗВОДСТВА
Страна публикации Российская Федерация
105 ## - ПОЛЕ КОДИРОВАННЫХ ДАННЫХ: ТЕКСТОВЫЕ МАТЕРИАЛЫ, МОНОГРАФИЧЕСКИЕ
Кодированные данные о монографическом текстовом документе a z |||||
200 1# - ЗАГЛАВИЕ И СВЕДЕНИЯ ОБ ОТВЕТСТВЕННОСТИ
Основное заглавие Теоретическая часть
210 ## - ПУБЛИКАЦИЯ, РАСПРОСТРАНЕНИЕ И ДР.
Дата издания, распространения и т.д. 1931
Имя изготовителя Тип. "Гудок"
215 ## - ФИЗИЧЕСКАЯ ХАРАКТЕРИСТИКА
Специфическое обозначение материала и объем 118, [2] с.
Другие сведения о физической характеристике черт.
461 #0 - УРОВЕНЬ НАБОРА
Встроенное поле 001rc\2637448
-- 2001#$aСкрещивание телефонных цепей$e[Ч. I-II]$fинж.-эл. П.К. Акульшин$v[Ч. 2]
-- 700#1$aАкульшин$bП.К.$gПавел Кузьмич
Системный номер (АБИС) связанной записи 5195798
Автор Акульшин, П.К.
Место публикации Москва
Дата публикации 1931
Первые сведения об ответственности инж.-эл. П.К. Акульшин
Имя издателя, распространителя и т.д. изд-во НКПТ
Сведения, относящиеся к заглавию [Ч. I-II]
Физическая характеристика 2 т. т.
Заглавие Скрещивание телефонных цепей
Номер тома [Ч. 2]
801 #0 - ИСТОЧНИК ЗАПИСИ
Страна Российская Федерация
Организация NLR
Правила каталогизации psbo
801 #1 - ИСТОЧНИК ЗАПИСИ
Страна Российская Федерация
Организация ELAR
Источник данных rusmarc
852 ## - МЕСТОНАХОЖДЕНИЕ И ШИФР ХРАНЕНИЯ
Идентификатор организации NLR
Шифр хранения (Call Number) 31-17/99
942 ## - ДОПОЛНИТЕЛЬНЫЕ ЭЛЕМЕНТЫ ЗАПИСИ (АБИС)
Тип экземпляра АБИС Неопределено
980 ## - КОЛЛЕКЦИЯ
Название коллекции Национальная библиография

Нет доступных экземпляров.